[Event "Lueneburg op-A"]
[Site "Lueneburg"]
[Date "2019.08.04"]
[Round "2"]
[White "Behrend, Bjoern"]
[Black "Jurkic, Bosiljko"]
[Result "0-1"]
[WhiteElo "1721"]
[BlackElo "2046"]
[PlyCount "130"]
[EventDate "2019.08.03"]
[EventType "swiss"]
[EventRounds "9"]
[EventCountry "GER"]
[SourceTitle "CBM 191 Extra"]
[Source "ChessBase"]
[SourceDate "2019.09.30"]
[SourceVersion "1"]
[SourceVersionDate "2019.09.30"]
[SourceQuality "1"]

1. e4 c5 2. Nf3 e6 3. d4 cxd4 4. Nxd4 a6 5. Be3 Qc7 6. a3 Nf6 7. Nc3 Nc6 8. f3 Be7 9. Qd2 0-0 10. Bd3 Ne5 11. Rc1 Nc4 12. Bxc4 Qxc4 13. e5 Nd5 14. Nxd5 Qxd5 15. f4 Bh4+ 16. Kf1 b5 17. Nf3 Qc4+ 18. Qe2 Be7 19. Qxc4 bxc4 20. Bd4 Bb7 21. Kf2 Bd5 22. Rhd1 f6 23. exf6 Bxf6 24. Bxf6 Rxf6 25. g3 Rb8 26. Ne5 Rb7 27. Rd4 Rc7 28. Ng4 Rf8 29. Ne3 Rb8 30. Nxd5 exd5 31. Rxd5 Rxb2 32. Rd6 a5 33. Ra6 Rb5 34. Ke3 Rd5 35. Ke4 Rcc5 36. a4 Rd2 37. h4 c3 38. Kf3 Kf7 39. g4 Rd4 40. Ke3 Rxa4 41. Rd6 Rc7 42. Rcd1 Ke7 43. R6d5 g6 44. Re5+ Kd8 45. Kf3 Rcc4 46. Red5 Rxf4+ 47. Ke3 Rf7 48. h5 Rxg4 49. hxg6 hxg6 50. Rxa5 Rg3+ 51. Ke2 g5 52. Rf1 Rg2+ 53. Ke1 Rxf1+ 54. Kxf1 Rxc2 55. Rxg5 Rb2 56. Rc5 c2 57. Ke1 Ke7 58. Kd2 Kd6 59. Rxc2 Rxc2+ 60. Kxc2 Ke5 61. Kc3 Ke4 62. Kc4 d5+ 63. Kc3 Ke3 64. Kc2 d4 65. Kd1 Kd3 0-1